书目信息 |
| 题名: |
妇产科程序诊断
|
|
| 作者: | 段涛 主编 | |
| 分册: | ||
| 出版信息: | 南京 江苏科学技术出版社 2004 |
|
| 页数: | 326页 | |
| 开本: | 26cm | |
| 丛书名: | 临床程序诊断丛书 | |
| 单 册: | ||
| 中图分类: | R710.4 | |
| 科图分类: | ||
| 主题词: | 妇产科病--Fu Chan Ke Bing--诊断 | |
| 电子资源: | ||
| ISBN: | 7-5345-4345-2 | |
| 000 | 00981nam 2200241 450 | |
| 001 | CAL 012005055463 | |
| 005 | 20061124144128.32 | |
| 010 | @a7-5345-4345-2@b精装@dCNY 45.00 | |
| 099 | @aCAL 012005055463 | |
| 100 | @a20050518d2004 ekmy0chiy0121 ea | |
| 101 | 0 | @achi |
| 200 | 1 | @a妇产科程序诊断@AFu Chan Ke Cheng Xu Zhen Duan@f段涛主编@Fduan tao zhu bian |
| 210 | @a南京@c江苏科学技术出版社@d2004 | |
| 215 | @a326页@c图@d26cm | |
| 225 | 2 | @a临床程序诊断丛书@ALin Chuang Cheng Xu Zhen Duan Cong Shu |
| 330 | @a本书将妇产科诊断程序列成图表,可使读者一目了然,并将临床诊断思维分成许多步骤,以逻辑为次序,写明了先做什么,再做什么,通过某一可靠的检查手段诊断或排除某一疾病,再通过另一可靠的手段,诊断或排除另一疾病,直到最后确诊。 | |
| 333 | @a妇产科临床诊断医师及医学院校师生 | |
| 410 | 0 | @12001 @a临床程序诊断丛书 |
| 606 | 0 | @a妇产科病@AFu Chan Ke Bing@x诊断 |
| 690 | @aR710.4@v4 | |
| 701 | 0 | @a段涛@ADuan Chao@4主编 |
| 801 | @aCN@c20061124 | |
| 905 | @apdsgxy@dR710.4@eD934 | |
| 妇产科程序诊断/段涛主编.-南京:江苏科学技术出版社,2004 |
| 326页:图;26cm.-(临床程序诊断丛书) |
| 使用对象:妇产科临床诊断医师及医学院校师生 |
| ISBN 7-5345-4345-2(精装):CNY 45.00 |
| 本书将妇产科诊断程序列成图表,可使读者一目了然,并将临床诊断思维分成许多步骤,以逻辑为次序,写明了先做什么,再做什么,通过某一可靠的检查手段诊断或排除某一疾病,再通过另一可靠的手段,诊断或排除另一疾病,直到最后确诊。 |
| ● |
| 相关链接 |
|
|
|
正题名:妇产科程序诊断
索取号:R710.4/D934
 
预约/预借
| 序号 | 登录号 | 条形码 | 馆藏地/架位号 | 状态 | 备注 |
| 1 | 614829 | 206148293 | 自科库401/401自科库 20排1列2层/ [索取号:R710.4/D934] | 在馆 |